Marketbeat shopping centre development report United Kingdom (Record no. 83909)

MARC details
000 -LEADER
fixed length control field 01433cab a22002055a 4500
001 - CONTROL NUMBER
control field L155719
008 - FIXED-LENGTH DATA ELEMENTS--GENERAL INFORMATION
fixed length control field 120410s2012 xxk 000 0 eng d
035 ## - SYSTEM CONTROL NUMBER
System control number (Sirsi) u155719
041 0# - LANGUAGE CODE
Language code of text/sound track or separate title eng
110 2# - MAIN ENTRY--CORPORATE NAME
Corporate name or jurisdiction name as entry element Cushman & Wakefield
9 (RLIN) 5888
245 00 - TITLE STATEMENT
Title Marketbeat shopping centre development report United Kingdom
Remainder of title March 2012
Medium [electronic resource]
260 ## - PUBLICATION, DISTRIBUTION, ETC.
Place of publication, distribution, etc. London
Name of publisher, distributor, etc. Cushman & Wakefield
Date of publication, distribution, etc. 2012
490 #0 - SERIES STATEMENT
Series statement Cushman & Wakefield Marketbeat Shopping Centre Development Report United Kingdom
Volume/sequential designation March 2012
520 ## - SUMMARY, ETC.
Summary, etc. 225,000 sq m of new space added to the UK market in the second half of 2011. Two new shopping centres were opened: Westfield Stratford City (176 500 sq m) and The Parkway in Newbury (27 400 sq m), with extensions making up the remainder of the total. Extensions completed in the second half include the Oasis Dining Quarter at Meadowhall, the Spiceal Street restaurant quarter at the Bullring and the Glow events and dining venue at Bluewater. Overview -- Market size -- Leading developers -- Tenure and lease structures -- Planning issues -- Investment market -- Outlook -- Shopping centre definition.
590 ## - LOCAL NOTE (RLIN)
Local note KA
651 #4 - SUBJECT ADDED ENTRY--GEOGRAPHIC NAME
Geographic name United Kingdom
690 ## - LOCAL SUBJECT ADDED ENTRY--TOPICAL TERM (OCLC, RLIN)
Topical term or geographic name as entry element Commercial property
9 (RLIN) 6227
856 40 - ELECTRONIC LOCATION AND ACCESS
Uniform Resource Identifier <a href="https://www.cushwake.com/cwglobal/jsp/kcLocalReportLanding.jsp?Country=GLOBAL&Language=EN&catId=100004">https://www.cushwake.com/cwglobal/jsp/kcLocalReportLanding.jsp?Country=GLOBAL&Language=EN&catId=100004</a>
Public note View the report (after free registration with the Knowledge Center) at www.cushwake.com
942 ## - ADDED ENTRY ELEMENTS (KOHA)
Suppress in OPAC 0
Holdings
Withdrawn status Lost status Source of classification or shelving scheme Damaged status Not for loan Home library Current library Shelving location Date acquired Total Checkouts Full call number Barcode Date last seen Copy number Price effective from Koha item type
    Dewey Decimal Classification     Virtual Virtual Online 10/04/2012   ONLINE PUBLICATION 155719-2001 06/08/2019 1 06/08/2019 Book